000 00286nam a22001337a 4500
008 170224b xxu||||| |||| 00| 0 eng d
020 _a+h834catsmsurg0h
041 _aeng
080 _a617
100 _a5
101 _aSHK
245 _aSURGICAL INSTRUMENTS
_cMILTEX
942 _2udc
_cBK
999 _c6235
_d6235